Corporate finance : (Record no. 4079)

000 -LEADER
fixed length control field 00876cam a22002534a 4500
001 - CONTROL NUMBER
control field 15911753
005 - DATE AND TIME OF LATEST TRANSACTION
control field 20190313120851.0
008 - FIXED-LENGTH DATA ELEMENTS--GENERAL INFORMATION
fixed length control field 090918s2010 nyua 000 0 eng
010 ## - LIBRARY OF CONGRESS CONTROL NUMBER
LC control number 2009038817
020 ## - INTERNATIONAL STANDARD BOOK NUMBER
International Standard Book Number 9780273725251 (pbk.)
040 ## - CATALOGING SOURCE
Original cataloging agency DLC
Transcribing agency DLC
050 00 - LIBRARY OF CONGRESS CALL NUMBER
Classification number HG4026
Item number .W375 2010
082 00 - DEWEY DECIMAL CLASSIFICATION NUMBER
Classification number 658.15
Edition number 5th
100 1# - MAIN ENTRY--PERSONAL NAME
Personal name Watson, Denzil.
Dates associated with a name 2010
245 10 - TITLE STATEMENT
Title Corporate finance :
Remainder of title principles and practice /
Statement of responsibility, etc Denzil Watson and Antony Head.
250 ## - EDITION STATEMENT
Edition statement 5th ed.
260 ## - PUBLICATION, DISTRIBUTION, ETC. (IMPRINT)
Place of publication, distribution, etc Harlow, England ;
-- New York :
Name of publisher, distributor, etc Financial Times/Prentice Hall,
Date of publication, distribution, etc 2010.
300 ## - PHYSICAL DESCRIPTION
Extent xxiii, 473 p. :
Other physical details ill. (some col.) ;
Dimensions 26 cm.
650 #0 - SUBJECT ADDED ENTRY--TOPICAL TERM
Topical term or geographic name as entry element Corporations
General subdivision Finance.
700 1# - ADDED ENTRY--PERSONAL NAME
Personal name Head, Antony,
Dates associated with a name 1953-
906 ## - LOCAL DATA ELEMENT F, LDF (RLIN)
a 7
b cbc
c orignew
d 1
e ecip
f 20
g y-gencatlg
942 ## - ADDED ENTRY ELEMENTS (KOHA)
Source of classification or shelving scheme
Item type Book
Holdings
Withdrawn status Lost status Source of classification or shelving scheme Damaged status Not for loan Home library Current library Shelving location Date acquired Total Checkouts Full call number Barcode Date last seen Date last borrowed Copy number Price effective from Koha item type
          Riara University Library Riara University Library General stack 13/03/2019 1 HG4026 .W375 2010 6250/15 08/11/2024 24/10/2024 C.1 13/03/2019 Book

Riara University Library,
P.O. Box 49940-00100,
Nairobi, Kenya.